00289nam a2200121Ia 4500008004100000041000800041082001500049100001900064245003800083260003100121300000800152365000700160240624s9999 xx 000 0 und d aeng a302.35 HAR aHARRISON ROGER aDIAGNOSING ORGANIZATIONAL CULTURE c1992aNew YorkbJohn Wiley a230 cRS